| 000 | 00555nam a22001817a 4500 | ||
|---|---|---|---|
| 999 |
_c15250 _d15250 |
||
| 003 | AR-CdUCM | ||
| 008 | 190426b ||||| |||| 00| 0 spa d | ||
| 020 | _a978-612-4244-28-5 | ||
| 040 |
_aMUNICIPALIDAD PROVINCIAL DEL CUSCO _cBIBLIOTECA MUNICIPAL DEL CUSCO |
||
| 082 |
_aPI / 869.5 / _bM26 |
||
| 100 |
_aVargas Llosa, Mario _9483 |
||
| 245 | _aFonchito y la luna / | ||
| 260 |
_aLima : _bAlfaguara, _c2010. |
||
| 300 |
_a28 páginas ; _bIlustraciones, _c22 cm. |
||
| 650 |
_aLiteratura infantil _9588 |
||
| 942 |
_2ddc _cLIBROS |
||
| 945 |
_aacv _d2019-04-26 |
||